| 000 | 00891 a2200181 4500 | ||
|---|---|---|---|
| 003 | Nust | ||
| 005 | 20221129144038.0 | ||
| 020 | _a81-203-1745-9 | ||
| 040 | _cNust | ||
| 082 | _a621.3815,KUM | ||
| 100 |
_aA. Anand Kumar _9103785 |
||
| 245 |
_aFundamentals of digital circuits / _cA. Anand Kumar |
||
| 260 |
_aNew Dehli _bPretice-Hall _c2004 |
||
| 300 | _a664p | ||
| 505 | _aIntroduction (Page-1), Number System (Page-17), Binary Codes (Page-62), Logic Gates (Page-89), Boolean Algebra (Page-120), The Karnaugh Map And Quine-Mcclusky Methods (Page-156), Combinational Circuits (Page-233), Flip-Flops And Timing Circuits (Page-309), Shift Registers (Page-368), Counters (Page-389), Logic Families (Page-466), Sequential Machines (Page-515), Analog To Digital And Digital To Analog Converters (Page-546), Memories (Page-578). | ||
| 650 | _aTelecommunication engineering | ||
| 942 |
_2ddc _cBK |
||
| 999 |
_c182189 _d182189 |
||